LEADER 01094nam a2200253 u 4500 001 000000039809 003 CaOOAMICUS 005 20070226114031.0 008 980520s1982 it u000 u ita u 035 $a10795340 040 $aPUL(R)$bita 100 1 $aOnida, Valerio.$0(OLS)http://pul/name/29052 245 10$aGiurisdizione e giudici nella giurisprudenza della corte costituzionale /$cValerio Onida. 260 $aPadova :$bCEDAM,$c1982. 300 $aP. [392]-421 ;$c24 cm 500 $aEstr. da: Rivista di diritto processuale, vol. XXXVII (serie II), n. 3. 504 $aBibliografia in nota. 650 4$aProcedura.$0(OLS)http://pul/subject/13289 850 $aPUL 852 $aPUL$W1$xDP1 Miscellanee$y10$mMisc.Lombardi.125(int.20)$j54197$nBK-PRI$b $qStampati Miscellanee$B54197$CPULBib$Z2$F54197 $H $81 941 1 $a17 961 $aINV: Legato con altri volumi. 996 $6245$aGiurisdizione e giudici nella giurisprudenza della corte costituzionale$9(OLS)http://pul/title/53856 996 $6260$aPadova :$bCEDAM$9(OLS)http://pul/publisher/48126 LEADER 01348nam a2200265 a 4500 001 000000161222 003 CaOOAMICUS 005 20170609154018.0 008 170609s1977 it frm z000 u eng r 032 $aLibriCat 040 $aPUL$bita 100 1 $aAuping, John Andrew.$0(OLS)http://pul/name/103231 245 14$aThe relative efficiency of evangelical nonviolence :$bthe influence of a revival of religion on the abolition of slavery in North America, 1740-1865 / $cJ. Auping. 260 $aRoma :$b[s.n.],$c1977. 300 $a263 p. ;$c25 cm. 502 $aTesi -- Pontificia Università Gregoriana. Facoltà di scienze sociali. 1977. 504 $aBibliografia in nota a piè pagina. 650 04$aSchiavitù$xStoria.$0(OLS)http://pul/subject/9158 710 2 $aPontificia Università Gregoriana.$bFacoltà di scienze sociali.$kTesi.$0(OLS)http://pul/name/35944 850 $aPUL 852 $aPUL$W1$xDP1 Tesi Pon. Univ. Gregoriana$y40$mTH PUG 2588$j185185$qTesi$B188378$CPULBib$Z2$F188378 $H45057 $82 941 1 $a16 996 $6245$aThe relative efficiency of evangelical nonviolence :$bthe influence of a revival of religion on the abolition of slavery in North America, 1740-1865 / $9(OLS)http://pul/title/200946 996 $6260$aRoma :$b[s.n.]$9(OLS)http://pul/publisher/47958 LEADER 01250nam a2200301 a 4500 001 000000169843 003 CaOOAMICUS 005 20181009140859.0 008 181009s2018 it 000 u ita r 020 $a978-88-288-0375-1* 032 $aLibriCat 040 $aPUL$bita 082 14$a364 245 00$aCriminologie critiche contemporanee / $cCirus Rinaldi, Pietro Saitta (a cura di) . 260 $aMilano :$bGiuffrè Francis Lefebvre,$c©2018. 300 $aXXVIII, 300 p. ; $c24 cm. 504 $aBibliografia in nota a piè pagina. 650 4$aCriminologia$ySec. XX-XXI.$0(OLS)http://pul/subject/45656 700 1 $aRinaldi, Cirus.$0(OLS)http://pul/name/109303 700 1 $aSaitta, Pietro.$0(OLS)http://pul/name/109302 850 $aPUL 852 $aPUL$W1$xSL Diritto e Scienze Sociali 3$y79$m364 RINCI 1$j192762$qDDC 21$B197952$CPULBib$Z2$F197952 $H131311 $81 941 1 $a9 996 $6020$a978-88-288-0375-1*$9(OLS)http://pul/number/164843 996 $6082$a364$9(OLS)http://pul/classification/2136 996 $6245$aCriminologie critiche contemporanee / $9(OLS)http://pul/title/210502 996 $6260$aMilano :$bGiuffrè Francis Lefebvre$9(OLS)http://pul/publisher/86917